Integración de poblaciones migrantes : un acercamiento multidisciplinario /

I tiakina i:
Ngā taipitopito rārangi puna kōrero
Kaituhi matua: Urbano Reyes, Javier (coordinación)
Hōputu: Pukapuka
Reo:Pāniora
I whakaputaina: México : Universidad Iberoamericana Ciudad de México, 2022, c2022
Ngā marau:
Ngā Tūtohu: Tāpirihia he Tūtohu
Kāore He Tūtohu, Me noho koe te mea tuatahi ki te tūtohu i tēnei pūkete!

MARC

LEADER 00000nam^a2200000^a^4500
001 000581058
005 20250521000000.0
009 20260310132602.846
020 |a 978-607-417-907-1 
037 |a Acervo ITESO - Biblioteca 
041 |a ESP 
082 |a 304. 80972  |b URB 
100 |a Urbano Reyes, Javier  |e (coordinación) 
245 1 0 |a Integración de poblaciones migrantes :  |b un acercamiento multidisciplinario /  |c Coord. de J. Urbano Reyes. 
264 4 |a México :  |b Universidad Iberoamericana Ciudad de México,  |c 2022, c2022 
300 |a 248 p. 
336 |a texto  |b txt  |2 rdacontenido 
337 |a sin mediación  |b n  |2 rdamedio 
338 |a volumen  |b nc  |2 rdasoporte 
649 |a XX 
650 |a Migrantes -  |z México -  |x Condiciones Sociales y Culturales 
650 |a Migrantes -  |z México -  |x Condiciones Laborales 
650 |a Migración -  |z México -  |x Tema Principal 
650 |a Migración -  |x Tema Principal 
650 |a Desarrollo Económico-Social 
650 |a Derechos Humanos 
650 |a Derecho Internacional Público 
650 |a Política Migratoria -  |z México -  |x Tema Principal 
650 |a Política Migratoria 
650 |a Política Internacional 
650 |a Ciencias Sociales 
910 |a Fondo General 
920 |a Impresos - Libros 
930 |a Colección General 
905 |a 101 
901 |a 0500406035  |b IT1  |c ACC  |i D130622  |u 20250521 
902 |a https://opac.biblio.iteso.mx/vufind/Record/000581058